The Vampire Diaries Episodes - Statistics

General Stats
  • This quiz has been taken 103 times
  • The average score is 27 of 171
Answer Stats
Hint Answer % Correct
S01E01 Pilot
82%
S01E22 Founder's Day
45%
S02E09 Katerina
41%
S02E10 The Sacrifice
41%
S08E16 I Was Feeling Epic
36%
S02E19 Klaus
36%
S02E08 Rose
36%
S01E08 162 Candles
32%
S02E22 As I Lay Dying
32%
S08E01 Hello, Brother
32%
S01E21 Isobel
32%
S01E06 Lost Girls
32%
S01E19 Miss Mystic Falls
32%
S03E01 The Birthday
32%
S03E02 The Hybrid
32%
S01E02 The Night of the Comet
32%
S04E20 The Originals
32%
S02E02 Brave New World
27%
S01E03 Friday Night Bites
27%
S01E07 Haunted
27%
S01E09 History Repeating
27%
S02E07 Masquerade
27%
S02E06 Plan B
27%
S01E10 The Turning Point
27%
S08E15 We're Planning a June Wedding
27%
S02E03 Bad Moon Rising
23%
S01E20 Blood Brothers
23%
S01E13 Children of the Damned
23%
S01E04 Family Ties
23%
S04E23 Graduation
23%
S02E05 Kill or Be Killed
23%
S01E17 Let the Right One In
23%
S02E04 Memory Lane
23%
S02E15 The Dinner Party
23%
S02E18 The Last Dance
23%
S02E20 The Last Day
23%
S01E16 There Goes the Neighborhood
23%
S02E01 The Return
23%
S02E21 The Sun Also Rises
23%
S01E18 Under Control
23%
S01E12 Unpleasantville
23%
S03E16 1912
18%
S01E15 A Few Good Men
18%
S03E15 All My Children
18%
S01E11 Bloodlines
18%
S03E13 Bringing Out the Dead
18%
S02E11 By the Light of the Moon
18%
S04E11 Catch Me If You Can
18%
S02E14 Crying Wolf
18%
S02E13 Daddy Issues
18%
S01E14 Fool Me Once
18%
S03E07 Ghost World
18%
S05E22 Home
18%
S02E17 Know Thy Enemy
18%
S03E22 The Departed
18%
S02E12 The Descent
18%
S03E03 The End of the Affair
18%
S02E16 The House Guest
18%
S03E05 The Reckoning
18%
S08E12 What Are You?
18%
S01E05 You're Undead to Me
18%
S05E11 500 Years of Solitude
14%
S06E17 A Bird in a Gilded Cage
14%
S04E18 American Gothic
14%
S06E19 Because
14%
S03E21 Before Sunset
14%
S03E17 Break On Through
14%
S04E16 Bring It On
14%
S07E09 Cold as Ice
14%
S03E14 Dangerous Liaisons
14%
S07E01 Day One of Twenty-Two Thousand, Give or Take
14%
S03E20 Do Not Go Gentle
14%
S04E14 Down the Rabbit Hole
14%
S05E10 Fifty Shades of Grayson
14%
S04E01 Growing Pains
14%
S03E19 Heart of Darkness
14%
S03E09 Homecoming
14%
S05E01 I Know What You Did Last Summer
14%
S06E01 I'll Remember
14%
S06E21 I'll Wed You in the Golden Summertime
14%
S04E07 My Brother's Keeper
14%
S07E02 Never Let Me Go
14%
S08E10 Nostalgia's a Bitch
14%
S03E08 Ordinary People
14%
S03E11 Our Town
14%
S04E19 Pictures of You
14%
S04E21 She's Come Undone
14%
S03E06 Smells Like Teen Spirit
14%
S06E14 Stay
14%
S04E04 The Five
14%
S03E18 The Murder of One
14%
S03E10 The New Deal
14%
S08E09 The Simple Intimacy of the Near Touch
14%
S03E12 The Ties That Bind
14%
S08E08 We Have History Together
14%
S04E10 After School Special
9%
S07E03 Age of Innocence
9%
S04E12 A View to a Kill
9%
S04E17 Because the Night
9%
S06E04 Black Hole Sun
9%
S06E10 Christmas Through Your Eyes
9%
S07E16 Days of Future Past
9%
S05E08 Dead Man on Campus
9%
S05E07 Death and the Maiden
9%
S03E04 Disturbing Behaviour
9%
S06E07 Do You Remember the First Time?
9%
S06E08 Fade Into You
9%
S05E04 For Whom the Bell Tolls
9%
S05E15 Gone Girl
9%
S05E06 Handle with Care
9%
S07E08 Hold Me, Thrill Me, Kiss Me, Kill Me
9%
S06E09 I Alone
9%
S07E04 I Carry Your Heart with Me
9%
S06E20 I'd Leave My Happy Home for You
9%
S04E13 Into the Wild
9%
S08E14 It's Been a Hell of a Ride
9%
S07E15 I Would for You
9%
S07E20 Kill 'Em All
9%
S06E15 Let Her Go
9%
S07E05 Live Through This
9%
S05E19 Man on Fire
9%
S04E02 Memorial
9%
S07E07 Mommie Dearest
9%
S05E05 Monster's Ball
9%
S05E14 No Exit
9%
S04E09 O Come, All Ye Faithful
9%
S07E18 One Way or Another
9%
S05E03 Original Sin
9%
S06E12 Prayer for the Dying
9%
S05E21 Promised Land
9%
S05E17 Rescue Me
9%
S05E18 Resident Evil
9%
S07E19 Somebody That I Used to Know
9%
S04E15 Stand by Me
9%
S05E09 The Cell
9%
S06E13 The Day I Tried to Live
9%
S05E12 The Devil Inside
9%
S06E16 The Downward Spiral
9%
S04E05 The Killer
9%
S08E13 The Lies Will Catch Up to You
9%
S06E06 The More You Ignore Me, the Closer I Get
9%
S04E03 The Rager
9%
S04E22 The Walking Dead
9%
S06E05 The World Has Turned and Left Me Here
9%
S07E11 Things We Lost in the Fire
9%
S05E13 Total Eclipse of the Heart
9%
S05E02 True Lies
9%
S04E06 We All Go a Little Mad Sometimes
9%
S06E03 Welcome to Paradise
9%
S04E08 We'll Always Have Bourbon Street
9%
S05E20 What Lies Beneath
9%
S05E16 While You Were Sleeping
9%
S06E11 Woke Up with a Monster
9%
S06E02 Yellow Ledbetter
9%
S08E03 You Decided That I Was Worth Saving
9%
S08E04 An Eternity of Misery
5%
S07E06 Best Served Cold
5%
S08E05 Coming Home Was a Mistake
5%
S08E06 Detoured on Some Random Backwoods Path to Hell
5%
S07E22 Gods and Monsters
5%
S07E10 Hell Is Other People
5%
S06E22 I'm Thinking of You All the While
5%
S06E18 I Never Could Love Like That
5%
S07E17 I Went to the Woods
5%
S07E14 Moonlight on the Bayou
5%
S07E12 Postcards from the Edge
5%
S07E21 Requiem for a Dream
5%
S08E07 The Next Time I Hurt Somebody, It Could Be You
5%
S07E13 This Woman's Work
5%
S08E02 Today Will Be Different
5%
S08E11 You Made a Choice to Be Good
5%
No matching quizzes found
Score Distribution
Percent of People with Each Score
Percentile by Number Answered
Your Score History
You have not taken this quiz